Vocabulaire Géomorpho. - Statistiques

Statistiques générales
  • Ce quiz a été pris 45 fois
  • Le résultat moyen est 5 sur 29
Statistiques - réponses
Définition Réponse % Correct
Processus géologique où les roches et les minéraux sont dissous ou transformés par des réactions chimiques avec l'eau, l'air et les acides naturels. Erosion chimique
74%
Processus par lequel l'eau en mouvement peut soulever et transporter des particules, ou même arracher des fragments de sol ou de roche. Erosion mécanique
74%
Fragmentation due à l'élargissement des fentes par le gel de l'eau présente dans le matériau. Gélifraction cryoclastie
42%
Ensemble des êtres vivants d'un biotope, d'un milieu donné. Biocénose
37%
C'est un sol gelé en permanence et absolument imperméable des régions arctiques. Pergélisol
37%
Classification hiérarchique des êtres vivants en genre, famille, espèce, sous-espèce, etc. Taxon
32%
Fragmentation due à la cristallisation de sels entre les grains composant la roche. Haloclastie
21%
Fragmentation causée par l'apparition de fentes dues aux différences de coefficients de dilatation des minéraux à la suite de variations de température brusques et répétées. Thermoclastie
21%
Balayage par le vent des débris meubles et fins. déflation
16%
Zone avec de l'écoulement d’eau vers l'océan. Exoréique
16%
Nom de la classification des climats fondée sur les précipitations et les températures. Köppen
16%
Science qui décrit, inventorie, classe les êtres vivants de la Terre en unités taxinomique (taxons). Taxonomie
16%
Fragmentation de la roche par l'action d'organismes vivants. Bioclastie
11%
Ensemble des modifications mécaniques, physiques et chimiques que subit une roche au contact des agents atmosphériques. Météorisation
11%
Matériau résultant du processus d'altération des roches (argiles, sables, matériaux tendres,etc.) Altérites
5%
Une zone qui n'a pas d'écoulement d’eau permanent. Aréique
5%
Attaque des roches (même dures) par le vent armé des matériaux qu'il transporte (grains de quartz). corrasion
5%
Géomorphologie qui s’intéresse aux processus de la création des formes de relief en surface de la Terre. L’érosion, le transport des sédiments et d’autres agents externes et internes. dynamique
5%
Processus qui résultent des forces internes de la Terre (volcanisme, séismes, tectonique des plaques). endogènes
5%
Zone avec un système d’eau fermé. Endoréiques
5%
Fôret qui tolère une saison sèche de plusieurs mois (climat guinéen). mésophile
5%
Géomorphologie qui se concentre sur les formes de relief, la structure géologique des reliefs, des processus endogènes. structurale
5%
Fragmentation de la roche causée par les frottements avec des particules entraînées par un agent de transport (eau liquide, glace ou vent). Abrasion
0%
Pour classer les végétaux → Sept règnes rassemblés en deux empires qui son… Cryptogams Phanerogams
0%
Nom de la formations de 1 à 2 mètres d'épaisseur en moyenne, recouvrant la roche saine ou une roche altérée transformée en argile. Cuirasses ferrugineuses
0%
Processus naturels qui modifient la surface de la Terre sous l'effet de facteurs externes, principalement liés au climat, à l'eau, au vent et aux êtres vivants. exogènes
0%
Fôret qui prospère dans des zones humide et des climats tropicaux. ombrophile
0%
L'ensemble des transformations qu'a vécu un sol, jour après jour depuis que la roche s'est trouvée soumise aux agents externes et que les produits s'accumulent pour former le sol. Pédogénèse
0%
Fôret qui est adaptée aux climats plus contrastés et aux sols secs. Avec des arbres moins hauts et moins droits. tropophile
0%
Aucun quiz correspondant
Distribution des résultats
% des personnes avec chaque résultat
Percentile par nombre de réponses
Votre historique - résultats
Vous n’avez pas pris ce quiz